MARC details
| 000 -CABECERA |
| campo de control de longitud fija |
03366cam a2200325 i 4500 |
| 001 - NÚMERO DE CONTROL |
| campo de control |
991107602286306196 |
| 005 - FECHA Y HORA DE LA ÚLTIMA TRANSACCIÓN |
| campo de control |
20260304103636.0 |
| 008 - DATOS DE LONGITUD FIJA--INFORMACIÓN GENERAL |
| campo de control de longitud fija |
250107t20252025enkab 001 0 eng d |
| 015 ## - NÚMERO DE BIBLIOGRAFÍA NACIONAL |
| Número de bibliografía nacional |
GBC531889 |
| Fuente |
bnb |
| 020 ## - NÚMERO INTERNACIONAL ESTÁNDAR DEL LIBRO |
| Número Internacional Estándar del Libro |
9781399412162 |
| Información calificativa |
hardcover |
| 024 8# - IDENTIFICADOR DE OTROS ESTÁNDARES |
| Número estándar o código |
CIPO000205981 |
| 029 0# - OTRO NÚMERO DE CONTROL DE SISTEMA (OCLC) |
| Identificador de la biblioteca OCLC |
UKMGB |
| Número de control de sistema |
300534357 |
| 035 ## - NÚMERO DE CONTROL DEL SISTEMA |
| Número de control de sistema |
(OCoLC)1518028287 |
| Número de control cancelado/no válido |
(OCoLC)1513217985 |
| 035 ## - NÚMERO DE CONTROL DEL SISTEMA |
| Número de control de sistema |
(OCoLC)on1518028287 |
| 040 ## - FUENTE DE LA CATALOGACIÓN |
| Centro catalogador/agencia de origen |
UKMGB |
| Lengua de catalogación |
eng |
| Normas de descripción |
rda |
| Centro/agencia transcriptor |
UKMGB |
| Centro/agencia modificador |
OCLCO |
| -- |
BDX |
| -- |
YDX |
| -- |
OCLCO |
| 041 ## - CÓDIGO DE LENGUA |
| Código de lengua del texto/banda sonora o título independiente |
English |
| 050 #4 - SIGNATURA TOPOGRÁFICA DE LA BIBLIOTECA DEL CONGRESO |
| Número de clasificación |
QH548 |
| Número de documento/Ítem |
.P38 2025 |
| 100 ## - ENTRADA PRINCIPAL--NOMBRE DE PERSONA |
| Nombre de persona |
Pavelle, Sophie, |
| Término indicativo de función/relación |
author. |
| 9 (RLIN) |
26750 |
| 245 10 - MENCIÓN DE TÍTULO |
| Título |
To have or to hold |
| Resto del título |
: nature's hidden relationships |
| Mención de responsabilidad, etc. |
/ Sophie Pavelle. |
| 264 #1 - PRODUCCIÓN, PUBLICACIÓN, DISTRIBUCIÓN, FABRICACIÓN Y COPYRIGHT |
| Producción, publicación, distribución, fabricación y copyright |
London, UK ; |
| -- |
New York : |
| Nombre del de productor, editor, distribuidor, fabricante |
Bloomsbury Wildlife, |
| Fecha de producción, publicación, distribución, fabricación o copyright |
2025. |
| 264 #4 - PRODUCCIÓN, PUBLICACIÓN, DISTRIBUCIÓN, FABRICACIÓN Y COPYRIGHT |
| Fecha de producción, publicación, distribución, fabricación o copyright |
♭2025 |
| 300 ## - DESCRIPCIÓN FÍSICA |
| Extensión |
336 pages : |
| Otras características físicas |
illustrations, map ; |
| Dimensiones |
24 cm |
| 500 ## - NOTA GENERAL |
| Nota general |
Includes index. |
| 505 0# - NOTA DE CONTENIDO CON FORMATO |
| Nota de contenido con formato |
Me, The Moon — Relationship status: unrequited — + = — The Mint Sauce Worm + The Algae = Animalgae — Relationship status: rather not say — Misfits — The Ocean Sunfish (and Others) — Relationship status: friends with benefits — The Trojan Horse — The Shore Crab and The Barnacle — Relationship status: just seeing each other — A Cad and A Bounder — The Early Spider Orchid and The Buffish Mining Bee — Relationship status: it's complicated — All Rise — The Hair Worm and [insert host here] — Relationship status: unhinged — Killing Me Softly — The Aspen, The Aspen Bracket Fungus and The Aspen Hoverfly — Relationship status: situationship — The Sleeper Agent — The Lungwort Lichen — Relationship status: throuple — Terms & Conditions — The Colony (of the Narrow-Headed Ant) — Relationship status: frenemies — EPILOGUE — The One-hit Wonder? — Relationship status: working on it. |
| 520 ## - SUMARIO, ETC. |
| Sumario, etc. |
A thrilling exploration of nature's symbiotic relationships, some comforting and familiar, others wildly alien, by the award-winning author of Forget Me Not. What can nature teach us about living together? Investigating eight symbiotic relationships trying to survive the climate and biodiversity crises, Sophie Pavelle explains why it has never been more vital for us to understand symbiosis. Symbiotic relationships regulate ecosystems, strengthen resilience and bind pivotal connections. Species living together in symbiosis is no accident - these dynamics evolved. Species form and sever alliances everywhere, from deep within temperate rainforests to the open ocean, quiet tidal pools or chalk grasslands, and nature thrives on relationships as glamorous as they are grotesque and as bizarre as they are engrossing. In To Have or To Hold, Sophie relishes the interconnectedness between species and celebrates the relationships that underpin natural environments. Low-carbon travelling around the British Isles, she presents nature's frauds, fortune-tellers, misfits and cheaters. The natural world is built on parasitism, a cunning blend of bargaining and exploitation in the name of survival. In our relationship with the natural world, are we the parasites? Will we continue to exploit nature's resources? Or will we vow to love and cherish what remains - shaping a more restorative life alongside nature - till death us do part? |
| 650 #0 - PUNTO DE ACCESO ADICIONAL DE MATERIA--TÉRMINO DE MATERIA |
| Término de materia o nombre geográfico como elemento de entrada |
Symbiosis. |
| 9 (RLIN) |
26751 |
| 650 #0 - PUNTO DE ACCESO ADICIONAL DE MATERIA--TÉRMINO DE MATERIA |
| Término de materia o nombre geográfico como elemento de entrada |
Human ecology |
| 9 (RLIN) |
23288 |
| 650 #0 - PUNTO DE ACCESO ADICIONAL DE MATERIA--TÉRMINO DE MATERIA |
| Término de materia o nombre geográfico como elemento de entrada |
Climatic changes |
| 9 (RLIN) |
14247 |
| 942 ## - ELEMENTOS DE ENTRADA AGREGADA (KOHA) |
| Fuente del sistema de clasificación o colocación |
Clasificación de Library of Congress |